The great alaska adventure! (Record no. 8974)

MARC details
000 -LEADER
fixed length control field 00821nam a22002177a 4500
003 - CONTROL NUMBER IDENTIFIER
control field OSt
005 - DATE AND TIME OF LATEST TRANSACTION
control field 20260312005631.0
008 - FIXED-LENGTH DATA ELEMENTS--GENERAL INFORMATION
fixed length control field 260312b |||||||| |||| 00| 0 eng d
020 ## - INTERNATIONAL STANDARD BOOK NUMBER
International Standard Book Number 978-0-14-241409-5
040 ## - CATALOGING SOURCE
Original cataloging agency DWCL GS lib
Transcribing agency OC
082 ## - DEWEY DECIMAL CLASSIFICATION NUMBER
Classification number F818j 2009
100 ## - MAIN ENTRY--PERSONAL NAME
Personal name CORWIN, JEFF
245 ## - TITLE STATEMENT
Title The great alaska adventure!
Statement of responsibility, etc. Jeff Corwin
260 ## - PUBLICATION, DISTRIBUTION, ETC.
Place of publication, distribution, etc. USA
Name of publisher, distributor, etc. Puffin Books
Date of publication, distribution, etc. 2009
300 ## - PHYSICAL DESCRIPTION
Extent 108 p
Dimensions 20cm
520 ## - SUMMARY, ETC.
Summary, etc. comprehensive, guided, multi-day tours, focusing on Kenai River fishing, fly-in bear viewing, and wilderness activities like rafting and glacier cruising.
650 ## - SUBJECT ADDED ENTRY--TOPICAL TERM
Topical term or geographic name entry element focused on providing immersive, high-end wilderness experiences on the Kenai Peninsula.
650 ## - SUBJECT ADDED ENTRY--TOPICAL TERM
Topical term or geographic name entry element often exemplified by narratives like Into the Wild or accounts of rugged
700 ## - ADDED ENTRY--PERSONAL NAME
Personal name Jeff Corwin
942 ## - ADDED ENTRY ELEMENTS (KOHA)
Source of classification or shelving scheme Dewey Decimal Classification
Koha item type Fiction
Suppress in OPAC No

No items available.